00400nam a2200157Ia 450000500170000000800410001702000150005808200130007310000230008624500410010925000080015026000400015830000130019865000140021165000170022520250519023055.0240331s9999 xx 000 0 und d a9552011779 a301bRAN aSri Ranjan,G.D.D.K 0aSamaja viddyawa saha manawa viddyawa a2nd aColombobS. godage & Brothersc1996 a200 p ., aSociology aAnthropology